000 00962cam a2200265 4500
008 090401t1996 xxu||||| |||| 00| 0 eng d
020 _a0750629762
035 _a(Sirsi) u14719
041 _aeng
050 _a692.3
245 _aMeasurement rules for contractors` quantities.
260 _aOxford
_bLaxton`s
_c1996
300 _ax,135,(12)p. ; 24cm.
350 _a40
520 _aA standard method of measurement for approximate or builders` quantities, which provides a set of rules that can be customised to suit the organisation of a project. Particularly relevent for design and build contracts.
650 _aAPPROXIMATE QUANTITIES
650 _aBUILDERS QUANTITIES
650 _aCONTRACTORS QUANTITIES
650 _aDESIGN AND BUILD CONTRACTS
650 _aBUILT ENVIRONMENT-QUANTITY SURVEYING-STANDARD METHOD OF MEASUREMENT
690 _aQuantity surveying
_96263
700 _aTweeds,
_xEditor
942 _n0
948 _c04/03/1997
999 _c87207
_d87207